| 000 | nam a22 a 4500 | ||
|---|---|---|---|
| 999 |
_c109753 _d109753 |
||
| 003 | BLK | ||
| 005 | 20211018092145.0 | ||
| 008 | 180409b bul|||||r ||||||| ||bul|| | ||
| 010 | _aKNG00115074000 | ||
| 040 | _aBLK | ||
| 041 |
_aBUL _cBUL |
||
| 080 |
_aОбща теория на музиката _b781 _x(075) _z781(075) |
||
| 100 | 1 |
_aКонстантинов, Константин _eпърви автор _9363429 |
|
| 139 |
_aКонстантинов, Константин _bК 82 |
||
| 245 | 1 | 0 |
_aОбща теория на музиката _cКонстантин Константинов. |
| 250 | _a2. изд. | ||
| 257 | _aBGR | ||
| 260 |
_bНаука и изкуство _c1957 _fСофия : Нотна печ. Наука и изкуство _aСофия |
||
| 300 |
_a288 с. _bс ноти _c24 см |
||
| 380 | _a7 | ||
| 504 | _aБиблиогр. с.2 | ||
| 650 | 4 |
_aМузика - теория _9258516 |
|
| 653 | _aмузика | ||
| 653 | _aучебници | ||
| 852 |
_aЦб 6324 _bЦб |
||
| 942 |
_cKNG _n0 _s1 |
||
| 944 |
_aCR _c23.09.2004 _kЛюдмила_Стоянова |
||
| 944 |
_aED _c21.07.2015 _kИрена_Линкова |
||
| 944 |
_aED _c2021-10-18 _kРенета Константинова |
||